Описание вращений в методе подвижных клеточных автоматов; Современные техника и технологии; Т. 1

Bibliografiset tiedot
Parent link:Современные техника и технологии: сборник трудов XV Международной научно-практической конференции студентов, аспирантов и молодых ученых, Томск, 4-8 мая 2009 г/ Национальный исследовательский Томский политехнический университет (ТПУ).— , 2009
Т. 1.— 2009.— [С. 329-330]
Päätekijä: Роман Н. В.
Muut tekijät: Смолин А. Ю. (научный руководитель)
Yhteenveto:Заглавие с титульного листа
Электронная версия печатной публикации
Kieli:venäjä
Julkaistu: 2009
Aiheet:
Linkit:http://www.lib.tpu.ru/fulltext/c/2009/C01/V1/165.pdf
Aineistotyyppi: Elektroninen Kirjan osa
KOHA link:https://koha.lib.tpu.ru/cgi-bin/koha/opac-detail.pl?biblionumber=242415

MARC

LEADER 00000naa2a2200000 4500
001 242415
005 20251210130623.0
035 |a (RuTPU)RU\TPU\book\263729 
035 |a RU\TPU\book\263728 
090 |a 242415 
100 |a 20130902d2009 k||y0rusy50 ca 
101 0 |a rus 
102 |a RU 
135 |a drnn ---uucaa 
181 0 |a i  
182 0 |a b 
200 1 |a Описание вращений в методе подвижных клеточных автоматов  |f Н. В. Роман  |g науч. рук. А. Ю. Смолин 
203 |a Текст  |c электронный 
215 |a 1 файл (409 Кб) 
300 |a Заглавие с титульного листа 
300 |a Электронная версия печатной публикации 
337 |a Adobe Reader 
461 0 |0 (RuTPU)RU\TPU\book\261117  |t Современные техника и технологии  |o сборник трудов XV Международной научно-практической конференции студентов, аспирантов и молодых ученых, Томск, 4-8 мая 2009 г  |o в 3 т.  |f Национальный исследовательский Томский политехнический университет (ТПУ)  |d 2009 
463 0 |0 (RuTPU)RU\TPU\book\261157  |t Т. 1  |v [С. 329-330]  |d 2009 
610 1 |a электронный ресурс 
610 1 |a твердые тела 
610 1 |a деформация 
610 1 |a деформационные изменения 
610 1 |a нагружение 
610 1 |a метод подвижных клеточных автоматов 
610 1 |a скорость вращения 
610 1 |a формулы 
610 1 |a уравнения 
610 1 |a расчет 
610 1 |a лэмбовский сдвиг 
610 1 |a повороты 
610 1 |a вращение 
700 1 |a Роман  |b Н. В. 
702 1 |a Смолин  |b А. Ю.  |4 727 
801 1 |a RU  |b 63413507  |c 20130617 
801 2 |a RU  |b 63413507  |c 20131103  |g RCR 
856 4 |u http://www.lib.tpu.ru/fulltext/c/2009/C01/V1/165.pdf 
942 |c CF